Literary chronology of ancient India (Record no. 394908)

MARC details
000 -LEADER
fixed length control field 00532 a2200205 4500
005 - DATE & TIME
control field 20260202162220.0
008 - FIXED-LENGTH DATA ELEMENTS--GENERAL INFORMATION
fixed length control field 260202b |||||||| |||| 00| 0 eng d
020 ## - ISBN
Price Rs. 700.00
International Standard Book Number X
040 ## - CATALOGING SOURCE
Original cataloging agency VIVEKANANDA LIBRARY
082 ## - DDC NUMBER
Classification number 891.20901
Book Number G749L
100 ## - MAIN ENTRY--PERSONAL NAME
Personal name Goyal, S R
245 ## - TITLE STATEMENT
Title Literary chronology of ancient India
260 ## - PUBLICATION, DISTRIBUTION, ETC. (IMPRINT)
Name of publisher, distributor, etc Kusumanjali Book World
Date of publication, distribution, etc 2009
Place of publication, distribution, etc Jodhpur
300 ## - PHYSICAL DESCRIPTION
Pages xxii, 194
650 ## - Subject
Subject Literature
650 ## - Subject
Subject Indian Literatures
650 ## - Subject
Subject Historical Treatment
650 ## - Subject
Subject Ancient Period
942 ## - ADDED ENTRY ELEMENTS (KOHA)
Koha item type Books
Holdings
Withdrawn status Lost status Source of classification or shelving scheme Damaged status Not for loan Location (home branch) Sublocation or collection (holding branch) Shelving location Date acquired Koha issues (times borrowed) Koha full call number Accession No. Koha date last seen Koha item type
    Dewey Decimal Classification     VIVEKANANDA LIBRARY VIVEKANANDA LIBRARY Vivekananda Library 06/01/2026   891.20901 G749L 444095 06/01/2026 Books
© Designed and Maintained by Vivekananda Library, MDU Rohtak